| 000 | 00812nam a22002057a 4500 | ||
|---|---|---|---|
| 999 |
_c3947 _d3947 |
||
| 003 | AR-CdUCM | ||
| 008 | 190307b ||||| |||| 00| 0 spa d | ||
| 020 | _a968-16-1538-7 | ||
| 040 |
_aMUNICIPALIDAD PROVINCIAL DEL CUSCO _cBIBLIOTECA MUNICIPAL DEL CUSCO |
||
| 082 |
_a869.1 / _bR47 |
||
| 100 |
_aReyes, Alfonso _92307 |
||
| 245 |
_aVisión de Anáhuac : _by otros ensayos / |
||
| 260 |
_aMéxico : _bFondo de Cultura Económica, _c1983. |
||
| 300 |
_a169 páginas ; _c21 cm. |
||
| 440 |
_aLecturas mexicanas _n14 _912628 |
||
| 505 | _aContenido: Visión de Anáhuac -- Fray Servando Teresa De Mier -- Apuntes sobre Valle-Inclán -- Rubén Dario en México -- Ruiz de Alarcón y el teatro francés -- Tránsito de Amado Nervo .. | ||
| 650 |
_aLiteratura mexicana _92532 |
||
| 942 |
_2ddc _cLIBROS |
||
| 945 | _aafb | ||